| 000 | 00402cam a2200169 4500 | ||
|---|---|---|---|
| 001 | D12452 | ||
| 008 | 090401t1962 xxu||||| |||| 00| 0 eng d | ||
| 035 | _a(Sirsi) u3612 | ||
| 041 | _aeng | ||
| 110 |
_aCommonwealth Institute of Valuers _9409 |
||
| 245 | 0 | 4 | _aThe valuer in the community |
| 260 |
_aMelbourne _bCIV _c1962 |
||
| 350 | _a0 | ||
| 520 | _aShelf 178 | ||
| 942 | _n0 | ||
| 948 | _c04/03/1997 | ||
| 999 |
_c85909 _d85909 |
||